000 00364nam a22001577a 4500
005 20161221095407.0
008 160903b xxu||||| |||| 00| 0 eng d
020 _a0-19-5615-7-0
041 _aeng
100 _aMISHRA,G.B
_93482
245 _aMINE ENVIRONMENT AND VENTILATION
260 _bOXFORD
_c2015
300 _a613
650 _aMINING
_93681
942 _cBK
999 _c5186
_d5184